000 00598nam a2200193 4500
003 OSt
005 20240621073837.0
006 a
008 240621b |||||||| |||| 00| 0 eng d
020 _a9789712721281
040 _aDWCL-Main lib.
_cOC
082 _aFil. 909 W927h 2011
245 _aWorld history for Filipino students : English edition of Lupang Hangarin /
260 _aMandaluyong City, Phils. :
_bAnvil Pub.,
_cc2011.
300 _ax,
_b351 p. : ill. ;
_c26 cm.
650 _a1. World history.
700 _a Angelica V. Ariston (and five others)
942 _2ddc
_n0
_cBK - FIL
_kFil.
999 _c1090
_d1090